al-Rawḍ al-bāsim fī al-dhabb ʻan sunnat Abī al-Qāsim, (Record no. 50516)

MARC details
000 -LEADER
fixed length control field 00724cam a22002171 4500
001 - CONTROL NUMBER
control field ne 68002395
003 - CONTROL NUMBER IDENTIFIER
control field DLC
005 - DATE AND TIME OF LATEST TRANSACTION
control field 20260227111843.0
008 - FIXED-LENGTH DATA ELEMENTS--GENERAL INFORMATION
fixed length control field 860616s1965 ua 000 0 arax
010 ## - LIBRARY OF CONGRESS CONTROL NUMBER
LC control number ne 68002395
035 ## - SYSTEM CONTROL NUMBER
System control number (OCoLC)14275170
040 ## - CATALOGING SOURCE
Original cataloging agency DLC
Transcribing agency NN
Modifying agency DLC
042 ## - AUTHENTICATION CODE
Authentication code premarc
050 00 - LIBRARY OF CONGRESS CALL NUMBER
Classification number BP135
Item number .I22
100 2# - MAIN ENTRY--PERSONAL NAME
Personal name Ibn al-Wazīr, Muḥammad ibn Ibrāhīm,
Dates associated with a name 1373 or 1374-1436.
245 13 - TITLE STATEMENT
Title al-Rawḍ al-bāsim fī al-dhabb ʻan sunnat Abī al-Qāsim,
Statement of responsibility, etc. taʼlīf Abī ʻAbd Allāh al-Sayyid Muḥammad ibn Ibrāhīm al-Wazīr.
260 ## - PUBLICATION, DISTRIBUTION, ETC.
Place of publication, distribution, etc. [al-Qāhirah]
Name of publisher, distributor, etc. Quṣayy Muḥibb al-Dīn al-Khatīb
Date of publication, distribution, etc. [1965 or 6]
300 ## - PHYSICAL DESCRIPTION
Extent 2 v. in 1. (303 p.)
Dimensions 24 cm.
500 ## - GENERAL NOTE
General note In Arabic.
650 #0 - SUBJECT ADDED ENTRY--TOPICAL TERM
Topical term or geographic name entry element Hadith.

No items available.

Powered by Koha